000 00278nam a22001217a 4500
008 181122b xxu||||| |||| 00| 0 eng d
041 _aeng
080 _a821
100 _a13
101 _aGJU
245 _aThe Dictionary Of Culrural Literacy
_cKet.j.k
942 _2udc
_cBK
999 _c52322
_d52322